| 000 | 01206nam a22001937a 4500 | ||
|---|---|---|---|
| 999 |
_c60350 _d60350 |
||
| 003 | Ge_BSU | ||
| 005 | 20230703102353.0 | ||
| 008 | 230703s1912ge xxu||||| |||| 00| 0 geo d | ||
| 041 | _ageo | ||
| 080 | _a81'374(038)=353.1'282 ბ-52 | ||
| 100 |
_aბერიძე, ვუკოლ, ავტორი. _919131 |
||
| 245 |
_aსიტყვის-კონა იმერულ და რაჭულ თქმათა = Грузинскiй (картскiй) глоссарiй по имерскому и рачинскому говорамь / _c ვ. ბერიძე. |
||
| 264 |
_aС.-Петербургъ, - [თბილისი] _bმეცნიერება, _c1912-1986. |
||
| 300 |
_aVII, 76 გვ. ; _b22 სმ. |
||
| 440 |
_aМатерiалы по яфетическому языкознанiю, VI _919132 |
||
| 500 | _aთავფურცელი და ტექსტი ქართულ, რუსულ ენებზე. თედო სახოკიას კოლექციიდან, ვახტანგ ბერიძის მინაწერით. K | ||
| 653 | _aქართული ენის დიალექტები | ||
| 942 |
_2udc _cBK |
||